[Event "DVM U10 2014"]
[Site "Magdeburg GER"]
[Date "2014.12.29"]
[Round "7"]
[White "Deutsch, Christoph"]
[Black "Diderle, Konstantin"]
[Result "1/2-1/2"]
[Termination "normal"]
[Board "9.1"]
[WhiteElo "1215"]
[BlackElo "1486"]
[WhiteTeam "SK Gründau"]
[BlackTeam "Peiner SV"]
[PlyCount "60"]
[WhiteFideId "16206878"]
[BlackFideId "12965197"]
[EventCountry "GER"]
[EventRounds "7"]
[EventType "team-swiss"]
[EventDate "2014.12.27"]

1. e4 c5 2. Nf3 Nc6 3. Nc3 d6 4. d3 Nf6 5. Be3 g6 6. Be2 Bg7 7. Qd2 O-O 8. O-O
a6 9. Bh6 b5 10. h3 Bd7 11. a3 Rc8 12. Bg5 Rc7 13. Rfe1 Qc8 14. Nd5 Rb7 15. b4
Nxd5 16. exd5 Bxa1 17. dxc6 Bxc6 18. Rxa1 f6 19. Be3 cxb4 20. axb4 Rc7 21. Bb6
Bxf3 22. Bxc7 Bxe2 23. Qxe2 Qxc7 24. Rxa6 Rc8 25. Ra2 Kf7 26. Qd2 Kg7 27. Qe2
Qd7 28. Qe3 Rc7 29. Qe2 Kf7 30. d4 e6 1/2-1/2

[Event "DVM U10 2014"]
[Site "Magdeburg GER"]
[Date "2014.12.29"]
[Round "7"]
[White "Miszori, Yannick"]
[Black "Bayer, Melissa"]
[Result "1/2-1/2"]
[Termination "normal"]
[Board "9.2"]
[WhiteElo "1219"]
[BlackElo "1040"]
[WhiteTeam "Peiner SV"]
[BlackTeam "SK Gründau"]
[PlyCount "128"]
[WhiteFideId "16214560"]
[BlackFideId "16206916"]
[EventCountry "GER"]
[EventRounds "7"]
[EventType "team-swiss"]
[EventDate "2014.12.27"]

1. Nf3 d5 2. c4 e6 3. d4 Bb4+ 4. Nc3 Nf6 5. a3 Bxc3+ 6. bxc3 dxc4 7. e3 Ne4 8.
Qc2 Qd5 9. Bb2 Bd7 10. Bxc4 Qxc4 11. Qxe4 Nc6 12. Qg4 g6 13. Nd2 Qd3 14. Qe2
Qxe2+ 15. Kxe2 O-O 16. Ne4 f5 17. Nc5 Bc8 18. Rab1 b6 19. Nd3 Na5 20. Ne5 Rd8
21. a4 Bb7 22. f3 Nb3 23. Ba3 Ba6+ 24. Kf2 Nd2 25. Rhd1 Nxb1 26. Rxb1 Rd5 27.
Bb4 c5 28. c4 Bxc4 29. Nxc4 cxb4 30. Rxb4 h5 31. Ne5 Kg7 32. Rc4 Kh6 33. Rc6
Re8 34. Rc7 Rf8 35. Nf7+ Kg7 36. Ng5+ Kh6 37. Nf7+ Kh7 38. Ng5+ Kg8 39. Nxe6
Rf7 40. Rc8+ Kh7 41. Ng5+ Kg7 42. Nxf7 Kxf7 43. Rc7+ Ke6 44. Rxa7 Rd6 45. a5
bxa5 46. Rxa5 Rb6 47. Re5+ Kd6 48. Kg3 Rb2 49. Re8 g5 50. Rf8 h4+ 51. Kh3 Ke6
52. Rg8 Kf6 53. Rc8 Rb3 54. Re8 Kf7 55. Re5 Kf6 56. g3 f4 57. exf4 gxf4 58. g4
Rxf3+ 59. Kg2 Rd3 60. Rf5+ Kg6 61. Rxf4 Kg5 62. Re4 Rd2+ 63. Kg1 Rd1+ 64. Kf2
Rd2+ 1/2-1/2

[Event "DVM U10 2014"]
[Site "Magdeburg GER"]
[Date "2014.12.29"]
[Round "7"]
[White "Deutsch, Volker"]
[Black "Heuer, Adrian"]
[Result "1-0"]
[Termination "normal"]
[Board "9.3"]
[WhiteElo "1059"]
[BlackElo "1024"]
[WhiteTeam "SK Gründau"]
[BlackTeam "Peiner SV"]
[PlyCount "29"]
[WhiteFideId "16206886"]
[EventCountry "GER"]
[EventRounds "7"]
[EventType "team-swiss"]
[EventDate "2014.12.27"]

1. e4 g6 2. Nf3 Bg7 3. Bc4 d6 4. d4 Bg4 5. h3 Bd7 6. Nc3 Nh6 7. Bf4 f5 8. e5
dxe5 9. dxe5 e6 10. Qd2 O-O 11. Bxh6 Bxh6 12. Qxh6 Nc6 13. Ng5 Re8 14. Qxh7+
Kf8 15. Qf7# 1-0

[Event "DVM U10 2014"]
[Site "Magdeburg GER"]
[Date "2014.12.29"]
[Round "7"]
[White "Post, Patrick"]
[Black "Solovej, Philip"]
[Result "1-0"]
[Termination "normal"]
[Board "9.4"]
[WhiteElo "835"]
[BlackElo "797"]
[WhiteTeam "Peiner SV"]
[BlackTeam "SK Gründau"]
[PlyCount "101"]
[BlackFideId "16232186"]
[EventCountry "GER"]
[EventRounds "7"]
[EventType "team-swiss"]
[EventDate "2014.12.27"]

1. e4 e5 2. Nf3 Nc6 3. Nc3 Bb4 4. Bc4 Nf6 5. O-O Bxc3 6. dxc3 d6 7. Ng5 O-O 8.
Qf3 Bg4 9. Qg3 h6 10. Nf3 Qd7 11. Bd3 Nh5 12. Qh4 Ne7 13. h3 Ng6 14. Qxg4 Nf6
15. Qg3 Nh5 16. Qh2 b6 17. a4 a5 18. Bb5 c6 19. Be2 Nhf4 20. Bc4 d5 21. exd5
cxd5 22. Bb5 Qf5 23. Bd3 e4 24. Nd4 Qf6 25. Be2 Nxe2+ 26. Nxe2 Qf5 27. Nd4 Qf6
28. f3 exf3 29. Rxf3 Qe7 30. Nc6 Qe8 31. Nd4 Nh4 32. Re3 Qd7 33. Rg3 Qe8 34.
Bxh6 Ng6 35. Be3 Qd7 36. Nf3 Rae8 37. Bxb6 Qb7 38. Bxa5 Qxb2 39. Rf1 Ra8 40.
Bb4 Rfe8 41. a5 Qxc2 42. Rg5 f6 43. Rxd5 Qe4 44. Rfd1 Qe3+ 45. Kh1 Ne7 46. Bxe7
Qxe7 47. Rd7 Qa3 48. Qg3 Qf8 49. Nd4 Red8 50. Ne6 Qa3 51. Qxg7# 1-0

[Event "DVM U10 2014"]
[Site "Magdeburg GER"]
[Date "2014.12.29"]
[Round "7"]
[White "ter Stal, Lars"]
[Black "Hundrieser, Malte"]
[Result "0-1"]
[Termination "normal"]
[Board "10.1"]
[WhiteElo "1186"]
[BlackElo "1630"]
[WhiteTeam "SK Nordhorn-Blanke"]
[BlackTeam "SV Roter Turm Halle 1"]
[PlyCount "66"]
[WhiteFideId "12965200"]
[BlackFideId "12997153"]
[EventCountry "GER"]
[EventRounds "7"]
[EventType "team-swiss"]
[EventDate "2014.12.27"]

1. e4 c5 2. Nc3 d6 3. f4 g6 4. Bc4 Bg7 5. Nf3 Bg4 6. d3 Nf6 7. O-O O-O 8. Qe1
Nc6 9. f5 Bxf3 10. Rxf3 Nd4 11. Rf2 Ng4 12. Rf4 Nxc2 13. Qe2 Nge3 14. fxg6 hxg6
15. Bxe3 Nxe3 16. Qxe3 Bd4 17. Qxd4 cxd4 18. Ne2 e5 19. Rg4 Qb6 20. Rxg6+ Kh7
21. Rg3 Qxb2 22. Rh3+ Kg7 23. Rf1 f5 24. Rg3+ Kf6 25. Rxf5+ Ke7 26. Rg7+ Ke8
27. Rg8 Rxg8 28. Bxg8 Qxe2 29. Bf7+ Ke7 30. Rf2 Qe1+ 31. Rf1 Qe3+ 32. Rf2 Rf8
33. h3 Rxf7 0-1

[Event "DVM U10 2014"]
[Site "Magdeburg GER"]
[Date "2014.12.29"]
[Round "7"]
[White "Wittig, Marten"]
[Black "Rudi, Jonathan"]
[Result "0-1"]
[Termination "normal"]
[Board "10.2"]
[WhiteElo "965"]
[BlackElo "1107"]
[WhiteTeam "SV Roter Turm Halle 1"]
[BlackTeam "SK Nordhorn-Blanke"]
[PlyCount "50"]
[BlackFideId "16241827"]
[EventCountry "GER"]
[EventRounds "7"]
[EventType "team-swiss"]
[EventDate "2014.12.27"]

1. e4 e5 2. Nf3 Nc6 3. Bb5 d6 4. Bxc6+ bxc6 5. Nc3 Nf6 6. O-O Bg4 7. d3 Be7 8.
Bg5 O-O 9. Qe2 d5 10. exd5 cxd5 11. Rad1 c6 12. d4 e4 13. Rde1 Re8 14. Bh4 exf3
15. Qd3 Nh5 16. Bxe7 Rxe7 17. Rxe7 Qxe7 18. g3 Bh3 19. Rd1 Qg5 20. Qxf3 Bg4 21.
Qg2 Bxd1 22. Nxd1 Qc1 23. Qf1 Re8 24. c3 Nf6 25. f3 Qd2 0-1

[Event "DVM U10 2014"]
[Site "Magdeburg GER"]
[Date "2014.12.29"]
[Round "7"]
[White "Meijerink, Inken"]
[Black "Pietsch, Julius"]
[Result "0-1"]
[Termination "normal"]
[Board "10.3"]
[WhiteElo "924"]
[BlackElo "1009"]
[WhiteTeam "SK Nordhorn-Blanke"]
[BlackTeam "SV Roter Turm Halle 1"]
[PlyCount "156"]
[WhiteFideId "16225465"]
[BlackFideId "12985660"]
[EventCountry "GER"]
[EventRounds "7"]
[EventType "team-swiss"]
[EventDate "2014.12.27"]

1. e4 c5 2. Nc3 d6 3. Nf3 Nf6 4. Bc4 a6 5. Ng5 e6 6. d3 Be7 7. Be3 b5 8. Bb3
Bb7 9. O-O Nbd7 10. Qd2 O-O 11. Rfe1 Qc7 12. Qe2 h6 13. Nh3 Ne5 14. a4 b4 15.
Na2 Neg4 16. Bf4 a5 17. f3 Ne5 18. Qf2 d5 19. c3 c4 20. Bd1 Bc5 21. Be3 Nxd3
22. Qg3 Qxg3 23. hxg3 Nxe1 24. Bxc5 Nd3 25. Bxf8 b3 26. Bd6 bxa2 27. Rxa2 dxe4
28. fxe4 Nxe4 29. Bc7 g5 30. Bf3 f5 31. g4 Kf7 32. gxf5 exf5 33. Bh5+ Kf6 34.
Kh2 g4 35. Nf4 Rc8 36. Nxd3 cxd3 37. Bf4 d2 38. Ra1 Nf2 39. Bxd2 Rg8 40. Rf1
g3+ 41. Kg1 Nd3 42. Be2 Nxb2 43. Bxh6 Rh8 44. Bf4 Rh2 45. Bxg3 Rxg2+ 46. Kh1
Rxg3+ 47. Kh2 Rg2+ 48. Kh3 Rxe2 49. Rg1 Re3+ 50. Kh4 Re4+ 51. Kh3 f4 52. Rf1
Bc8+ 53. Kg2 Kg5 54. Kf3 Re3+ 55. Kg2 Bb7+ 56. Kg1 Re2 57. c4 Kg4 58. c5 Kg3
59. Rc1 f3 60. c6 Bxc6 61. Kf1 Rf2+ 62. Kg1 Rg2+ 63. Kf1 f2 64. Rc3+ Bf3 65.
Rxf3+ Kh2 66. Rxf2 Rxf2+ 67. Kxf2 Nxa4 68. Ke2 Nc5 69. Kd2 Kg3 70. Kc2 Kf3 71.
Kb2 Ke4 72. Ka3 Kd3 73. Ka2 Kc3 74. Ka1 Kb3 75. Kb1 Nd3 76. Ka1 Ne1 77. Kb1 Nc2
78. Kc1 a4 0-1

[Event "DVM U10 2014"]
[Site "Magdeburg GER"]
[Date "2014.12.29"]
[Round "7"]
[White "Pietsch, Johann"]
[Black "Wolterink, Insa"]
[Result "1-0"]
[Termination "normal"]
[Board "10.4"]
[WhiteElo "971"]
[BlackElo "865"]
[WhiteTeam "SV Roter Turm Halle 1"]
[BlackTeam "SK Nordhorn-Blanke"]
[PlyCount "95"]
[WhiteFideId "12987000"]
[BlackFideId "16235266"]
[EventCountry "GER"]
[EventRounds "7"]
[EventType "team-swiss"]
[EventDate "2014.12.27"]

1. e4 e5 2. Nf3 Nc6 3. Bc4 Bb4 4. c3 Bc5 5. d4 exd4 6. cxd4 Bb4+ 7. Nc3 Nf6 8.
Bg5 d6 9. O-O Bg4 10. Be2 O-O 11. d5 Ne7 12. Bxf6 gxf6 13. Qd4 Bxc3 14. bxc3
Ng6 15. h3 Bh5 16. Rfe1 c5 17. Qc4 Nf4 18. Bd3 Nxd3 19. Qxd3 a6 20. Nh4 Re8 21.
Re3 f5 22. Nxf5 Bg6 23. Rg3 Qf6 24. Re1 b5 25. h4 Kh8 26. Rge3 Bxf5 27. exf5
Rxe3 28. Rxe3 Qxh4 29. Qe2 Rg8 30. Qb2 Qg5 31. c4+ Rg7 32. Rg3 Qh6 33. Re3 f6
34. Re8+ Rg8 35. Rxg8+ Kxg8 36. Qa3 bxc4 37. Qxa6 Qg5 38. Qxc4 Qxf5 39. a4 Qb1+
40. Kh2 Kg7 41. a5 Qb6 42. axb6 Kg6 43. b7 Kg5 44. b8=Q h5 45. Qxd6 h4 46.
Qcf4+ Kh5 47. Qdxf6 c4 48. Q6h6# 1-0

[Event "DVM U10 2014"]
[Site "Magdeburg GER"]
[Date "2014.12.29"]
[Round "7"]
[White "Kahlsdorf, Fabian"]
[Black "Hommel, Niclas"]
[Result "0-1"]
[Termination "normal"]
[Board "11.1"]
[WhiteElo "1055"]
[BlackElo "1552"]
[WhiteTeam "Braunschweiger SF"]
[BlackTeam "Schachunion Berlin 1"]
[PlyCount "98"]
[WhiteFideId "16201140"]
[BlackFideId "12974927"]
[EventCountry "GER"]
[EventRounds "7"]
[EventType "team-swiss"]
[EventDate "2014.12.27"]

1. e4 e5 2. Nf3 Nc6 3. d4 exd4 4. Nxd4 Bc5 5. Be3 Qf6 6. c3 Nge7 7. Bc4 O-O 8.
O-O Ne5 9. Bb3 d6 10. Nd2 Ng4 11. Nc2 Nxe3 12. Nxe3 Bxe3 13. fxe3 Qg5 14. Qf3
Qg6 15. Rf2 Be6 16. Raf1 Bxb3 17. Nxb3 Nc6 18. Nd4 Ne5 19. Qf5 Rae8 20. Qxg6
hxg6 21. b3 Ng4 22. Rf3 a6 23. h3 Nf6 24. Rd1 Nxe4 25. Rd3 Nc5 26. Rd2 Nd7 27.
g4 Re7 28. Rdf2 Ne5 29. Rg3 Rfe8 30. h4 Nd3 31. Re2 Nc5 32. Kf2 Ne4+ 33. Kf3
Nxg3 34. Kxg3 Rxe3+ 35. Rxe3 Rxe3+ 36. Kf2 Rxc3 37. h5 gxh5 38. gxh5 Rc5 39.
Nf5 Rxf5+ 40. Ke3 Rxh5 41. Ke4 Kf8 42. a4 Ke7 43. b4 Ke6 44. Kf4 Re5 45. Kg4
Re4+ 46. Kf3 Rxb4 47. Ke3 Kd5 48. Kf3 Ke5 49. Kg3 Rxa4 0-1

[Event "DVM U10 2014"]
[Site "Magdeburg GER"]
[Date "2014.12.29"]
[Round "7"]
[White "Fricke, Janek Konrad"]
[Black "Kahlsdorf, Hendrik"]
[Result "1/2-1/2"]
[Termination "normal"]
[Board "11.2"]
[WhiteElo "1225"]
[BlackElo "1051"]
[WhiteTeam "Schachunion Berlin 1"]
[BlackTeam "Braunschweiger SF"]
[PlyCount "52"]
[WhiteFideId "12997471"]
[BlackFideId "16201159"]
[EventCountry "GER"]
[EventRounds "7"]
[EventType "team-swiss"]
[EventDate "2014.12.27"]

1. e4 d5 2. exd5 Qxd5 3. Nc3 Qa5 4. Bc4 Nf6 5. Nf3 Bf5 6. O-O e6 7. a3 Nbd7 8.
d4 Be7 9. Re1 O-O 10. d5 Rad8 11. dxe6 fxe6 12. Bxe6+ Bxe6 13. Rxe6 Nc5 14. Qe1
Nxe6 15. Qxe6+ Rf7 16. Ng5 Rdf8 17. Nxf7 Rxf7 18. Bg5 Qxg5 19. Qc8+ Bf8 20. Re1
h6 21. Qxb7 Re7 22. Rd1 Qe5 23. Rf1 c5 24. Qc6 Rc7 25. Qb5 Qe8 26. Qc4+ Qf7
1/2-1/2

[Event "DVM U10 2014"]
[Site "Magdeburg GER"]
[Date "2014.12.29"]
[Round "7"]
[White "Schauder, Finn-Leon"]
[Black "Kessen, Fanny"]
[Result "0-1"]
[Termination "normal"]
[Board "11.3"]
[WhiteElo "1011"]
[BlackElo "942"]
[WhiteTeam "Braunschweiger SF"]
[BlackTeam "Schachunion Berlin 1"]
[PlyCount "92"]
[BlackFideId "16217357"]
[EventCountry "GER"]
[EventRounds "7"]
[EventType "team-swiss"]
[EventDate "2014.12.27"]

1. e4 b6 2. d4 Bb7 3. Nc3 e6 4. a3 Nf6 5. Bd3 d5 6. exd5 exd5 7. Nf3 Be7 8. Bf4
O-O 9. O-O Nh5 10. Be3 Nd7 11. Bf5 Ndf6 12. Ng5 Ba6 13. Re1 Bc8 14. Bxh7+ Nxh7
15. Nxh7 Kxh7 16. Qxh5+ Kg8 17. Nxd5 Bd6 18. Bg5 Qd7 19. Re4 Qf5 20. Rh4 f6 21.
Bd2 Qxh5 22. Rxh5 Be6 23. Nc3 Bf7 24. Rh4 Bg6 25. Rc1 c5 26. dxc5 Bxc5 27. b4
Bd6 28. Nb5 Be5 29. c4 Bb2 30. Re1 Rad8 31. Be3 Rfe8 32. Rf1 Re7 33. c5 Red7
34. g3 Bf5 35. cxb6 g5 36. Rh5 Bg4 37. Rh6 Kg7 38. Bxg5 fxg5 39. Rc6 Bf3 40.
Rd6 Rxd6 41. Nxd6 Rxd6 42. bxa7 Rd7 43. b5 Rxa7 44. Rb1 Bc3 45. b6 Rd7 46. Rb3
Rd1# 0-1

[Event "DVM U10 2014"]
[Site "Magdeburg GER"]
[Date "2014.12.29"]
[Round "7"]
[White "Müller, Bennet"]
[Black "Bangura, Benjamin"]
[Result "0-1"]
[Termination "normal"]
[Board "11.4"]
[WhiteElo "600"]
[BlackElo "843"]
[WhiteTeam "Schachunion Berlin 1"]
[BlackTeam "Braunschweiger SF"]
[PlyCount "82"]
[EventCountry "GER"]
[EventRounds "7"]
[EventType "team-swiss"]
[EventDate "2014.12.27"]

1. e4 e5 2. Nf3 Nc6 3. d4 d5 4. exd5 Qxd5 5. Nc3 Qd8 6. dxe5 Qxd1+ 7. Nxd1 Bc5
8. Bb5 f6 9. exf6 Nxf6 10. Ne5 Bf5 11. Ne3 Be6 12. Bxc6+ bxc6 13. Nxc6 O-O 14.
O-O Bd7 15. Ne7+ Bxe7 16. Re1 Rae8 17. Bd2 Ng4 18. Nxg4 Bxg4 19. Re4 Bf5 20.
Rf4 Bxc2 21. Rxf8+ Rxf8 22. Rc1 Bg6 23. Rxc7 Bf6 24. Bb4 Rd8 25. f3 Bd4+ 26.
Kf1 Bxb2 27. Rxa7 Bd3+ 28. Kf2 Bd4+ 29. Kg3 Bxa7 30. a4 Rd4 31. Be7 Rxa4 32. f4
Bb8 33. Kg4 Rxf4+ 34. Kg3 Ra4+ 35. Kh3 Bf5+ 36. g4 Bxg4+ 37. Kh4 Kf7 38. Bg5 h6
39. Be3 Kf6 40. h3 g5+ 41. Bxg5+ hxg5# 0-1

[Event "DVM U10 2014"]
[Site "Magdeburg GER"]
[Date "2014.12.29"]
[Round "7"]
[White "Böttner, Oliver"]
[Black "Wöstmann, Benjamin"]
[Result "1-0"]
[Termination "normal"]
[Board "12.1"]
[WhiteElo "1110"]
[BlackElo "600"]
[WhiteTeam "FHSG Stralsund"]
[BlackTeam "Hamburger SK 2"]
[PlyCount "55"]
[WhiteFideId "16208870"]
[EventCountry "GER"]
[EventRounds "7"]
[EventType "team-swiss"]
[EventDate "2014.12.27"]

1. e4 e5 2. Nf3 Nc6 3. Bc4 Bc5 4. O-O Nf6 5. Nc3 d6 6. d3 h6 7. Re1 Bg4 8. h3
Bh5 9. g4 Bg6 10. Be3 O-O 11. Qd2 Bxe3 12. Rxe3 Nd4 13. Nh4 Bh7 14. Rg3 Nd7 15.
Nf5 Nxf5 16. exf5 Nc5 17. Kh2 a6 18. Rag1 b5 19. Bd5 Rb8 20. g5 h5 21. g6 Qf6
22. gxh7+ Kxh7 23. Rxg7+ Kh8 24. Rxf7 Rxf7 25. Bxf7 Qxf7 26. Qh6+ Qh7 27. Qf6+
Qg7 28. Qxg7# 1-0

[Event "DVM U10 2014"]
[Site "Magdeburg GER"]
[Date "2014.12.29"]
[Round "7"]
[White "Zores, Kai"]
[Black "Jenschke, Tim"]
[Result "1-0"]
[Termination "normal"]
[Board "12.2"]
[WhiteElo "600"]
[BlackElo "1090"]
[WhiteTeam "Hamburger SK 2"]
[BlackTeam "FHSG Stralsund"]
[PlyCount "97"]
[EventCountry "GER"]
[EventRounds "7"]
[EventType "team-swiss"]
[EventDate "2014.12.27"]

1. e4 e5 2. Nf3 Nc6 3. Bc4 Be7 4. Nc3 Nf6 5. d3 O-O 6. Be3 d6 7. O-O Bg4 8. h3
Bh5 9. Re1 Qd7 10. Qe2 Nd4 11. Bxd4 exd4 12. Nb5 c5 13. c3 a6 14. Na3 dxc3 15.
bxc3 b5 16. Bd5 Rae8 17. Nc2 Nxd5 18. exd5 Bf6 19. Qd1 Bxc3 20. Rxe8 Rxe8 21.
Rc1 b4 22. Ne3 h6 23. g4 Bg6 24. d4 cxd4 25. Nxd4 Be4 26. Ne2 Bf3 27. Rc2 h5
28. a3 Be5 29. Rc4 Qb5 30. gxh5 Bxh5 31. Kf1 Bf4 32. Rxf4 Bxe2+ 33. Qxe2 Qxe2+
34. Kxe2 bxa3 35. Ra4 Ra8 36. Rxa3 Kf8 37. Nc4 Ke7 38. Kf3 Kf6 39. Kf4 g5+ 40.
Ke4 Kg6 41. Nxd6 Rd8 42. Rxa6 f6 43. f4 gxf4 44. Kxf4 Rf8 45. Nb7 Rf7 46. Nc5
Kg7 47. Ne6+ Kg6 48. d6 Rd7 49. Nf8+ 1-0

[Event "DVM U10 2014"]
[Site "Magdeburg GER"]
[Date "2014.12.29"]
[Round "7"]
[White "Troyke, Jannis"]
[Black "Grabbel, Torben Frederik"]
[Result "1-0"]
[Termination "normal"]
[Board "12.3"]
[WhiteElo "1089"]
[BlackElo "600"]
[WhiteTeam "FHSG Stralsund"]
[BlackTeam "Hamburger SK 2"]
[PlyCount "83"]
[WhiteFideId "12993115"]
[BlackFideId "16219180"]
[EventCountry "GER"]
[EventRounds "7"]
[EventType "team-swiss"]
[EventDate "2014.12.27"]

1. d4 d5 2. c4 e6 3. Nc3 Nf6 4. Bg5 Be7 5. Nf3 b6 6. e3 Bb7 7. Be2 O-O 8. O-O
Nbd7 9. Bxf6 Bxf6 10. Rc1 c5 11. Bd3 cxd4 12. exd4 Re8 13. Re1 Rc8 14. Nb5 Ra8
15. Nd6 Rf8 16. Nxb7 Qc7 17. cxd5 Qxb7 18. dxe6 fxe6 19. Be4 Qb8 20. Bxa8 Qxa8
21. Rxe6 Qd8 22. Qb3 Kh8 23. Rce1 Bxd4 24. Qb4 Bc5 25. Qd2 a5 26. Qg5 Qb8 27.
Ne5 Nf6 28. Qh4 Qc8 29. Ng6+ Kg8 30. Nxf8 Bxf8 31. Qg3 Qd8 32. Qb3 Kh8 33. Qxb6
Qc8 34. Qxa5 h6 35. Qe5 Qc2 36. h3 Bc5 37. Rxf6 Kg8 38. Qe6+ Kh7 39. Rxh6+ gxh6
40. Qf7+ Kh8 41. Re8+ Bf8 42. Rxf8# 1-0

[Event "DVM U10 2014"]
[Site "Magdeburg GER"]
[Date "2014.12.29"]
[Round "7"]
[White "Müller, Linus"]
[Black "Lange, Anton"]
[Result "0-1"]
[Termination "normal"]
[Board "12.4"]
[WhiteElo "600"]
[BlackElo "866"]
[WhiteTeam "Hamburger SK 2"]
[BlackTeam "FHSG Stralsund"]
[PlyCount "92"]
[WhiteFideId "16245946"]
[BlackFideId "34603816"]
[EventCountry "GER"]
[EventRounds "7"]
[EventType "team-swiss"]
[EventDate "2014.12.27"]

1. e4 c5 2. Bc4 Nc6 3. Nf3 e5 4. d3 Be7 5. Nc3 d6 6. O-O Nf6 7. h3 O-O 8. Bg5
h6 9. Bh4 Bd7 10. Qd2 a6 11. Rfd1 b5 12. Bd5 Nxd5 13. Bxe7 Qxe7 14. Nxd5 Qd8
15. Re1 Nd4 16. Nxd4 cxd4 17. c3 dxc3 18. bxc3 Re8 19. Re3 Re6 20. Rg3 Bc6 21.
c4 bxc4 22. dxc4 Bxd5 23. cxd5 Rf6 24. Re1 Rb8 25. Ree3 g6 26. Ref3 Rxf3 27.
gxf3 Kg7 28. f4 exf4 29. Qxf4 Rb2 30. Rg4 Rxa2 31. Rh4 g5 32. Qe3 gxh4 33. Qc3+
Qf6 34. Qxf6+ Kxf6 35. Kg2 Ra3 36. Kf1 Ke5 37. Ke2 Kxe4 38. Kd2 Kd4 39. Ke2 f5
40. f4 h5 41. Kf2 Ke4 42. Kg2 Kxf4 43. Kh2 Ra2+ 44. Kg1 Kf3 45. Kh1 Kg3 46. Kg1
Ra1# 0-1

[Event "DVM U10 2014"]
[Site "Magdeburg GER"]
[Date "2014.12.29"]
[Round "7"]
[White "Kittelmann, Anton"]
[Black "Wang, Xinyuan"]
[Result "1-0"]
[Termination "normal"]
[Board "13.1"]
[WhiteElo "1017"]
[BlackElo "1251"]
[WhiteTeam "SG Blau-Weiß Stadtilm 1"]
[BlackTeam "SG Königskinder Hohentübingen"]
[PlyCount "53"]
[BlackFideId "16221494"]
[EventCountry "GER"]
[EventRounds "7"]
[EventType "team-swiss"]
[EventDate "2014.12.27"]

1. e4 c5 2. Bc4 e6 3. Nc3 a6 4. a3 b5 5. Ba2 Nc6 6. d3 Qc7 7. Nf3 Nf6 8. Be3
Bb7 9. Qd2 Be7 10. h3 b4 11. axb4 cxb4 12. Ne2 a5 13. Bc4 Ba6 14. Bf4 Bd6 15.
Bxd6 Qxd6 16. Bxa6 Rxa6 17. c3 O-O 18. cxb4 Qxb4 19. Qxb4 Nxb4 20. O-O Nxd3 21.
b3 Nxe4 22. Rfd1 Nec5 23. Rab1 Rb8 24. Nc1 Nxc1 25. Rdxc1 Rxb3 26. Rxb3 Nxb3
27. Rc8# 1-0

[Event "DVM U10 2014"]
[Site "Magdeburg GER"]
[Date "2014.12.29"]
[Round "7"]
[White "Jakob, Georg"]
[Black "Pflugradt, Natalie"]
[Result "1-0"]
[Termination "normal"]
[Board "13.2"]
[WhiteElo "979"]
[BlackElo "1025"]
[WhiteTeam "SG Königskinder Hohentübingen"]
[BlackTeam "SG Blau-Weiß Stadtilm 1"]
[PlyCount "57"]
[WhiteFideId "16224221"]
[BlackFideId "16212444"]
[EventCountry "GER"]
[EventRounds "7"]
[EventType "team-swiss"]
[EventDate "2014.12.27"]

1. e4 e5 2. Nf3 Nc6 3. Bb5 Bc5 4. O-O a6 5. Ba4 Nge7 6. d3 h6 7. c3 d6 8. Re1
O-O 9. Nbd2 Be6 10. Nf1 f5 11. d4 exd4 12. cxd4 Bb4 13. Bd2 Bxd2 14. Qxd2 d5
15. exd5 Bxd5 16. Ne5 Nxe5 17. Rxe5 Ng6 18. Rxd5 Qf6 19. Bb3 Kh8 20. Ng3 Ne7
21. Re5 f4 22. Ne4 Qd6 23. Rxe7 Rae8 24. Rc1 Qg6 25. Rcxc7 Rxe7 26. Rxe7 f3 27.
g3 Re8 28. Bf7 Qb6 29. Rxe8+ 1-0

[Event "DVM U10 2014"]
[Site "Magdeburg GER"]
[Date "2014.12.29"]
[Round "7"]
[White "Werner, Linus"]
[Black "Dunder, Tim"]
[Result "1-0"]
[Termination "normal"]
[Board "13.3"]
[WhiteElo "1104"]
[BlackElo "830"]
[WhiteTeam "SG Blau-Weiß Stadtilm 1"]
[BlackTeam "SG Königskinder Hohentübingen"]
[PlyCount "35"]
[EventCountry "GER"]
[EventRounds "7"]
[EventType "team-swiss"]
[EventDate "2014.12.27"]

1. d4 d5 2. g3 Nf6 3. Bg2 Nc6 4. e3 b6 5. Ne2 Bb7 6. O-O e5 7. b3 exd4 8. Nxd4
Bd6 9. Bb2 Qe7 10. Nd2 Ba6 11. Re1 O-O 12. Nxc6 Qd7 13. Nd4 c5 14. N4f3 Bc8 15.
Bxf6 gxf6 16. e4 dxe4 17. Nxe4 Rd8 18. Nxf6+ 1-0

[Event "DVM U10 2014"]
[Site "Magdeburg GER"]
[Date "2014.12.29"]
[Round "7"]
[White "Gärtner, Martin"]
[Black "Sawadski, Nikolas"]
[Result "0-1"]
[Termination "normal"]
[Board "14.1"]
[WhiteElo "808"]
[BlackElo "1175"]
[WhiteTeam "USV Volksbank Halle"]
[BlackTeam "Heilbronner SV"]
[PlyCount "148"]
[BlackFideId "16261585"]
[EventCountry "GER"]
[EventRounds "7"]
[EventType "team-swiss"]
[EventDate "2014.12.27"]

1. e4 e5 2. Nf3 Nc6 3. Bc4 Bc5 4. b4 Bxb4 5. c3 Ba5 6. d4 exd4 7. Nxd4 Nf6 8.
Bg5 O-O 9. Nxc6 bxc6 10. e5 Qe7 11. f4 Re8 12. O-O d5 13. exf6 Qe3+ 14. Kh1
dxc4 15. fxg7 Bb7 16. a3 c5 17. Ra2 h6 18. Bh4 Bxc3 19. Nxc3 Qxc3 20. Qd2 Qd3
21. Rg1 Qxd2 22. Rxd2 Re4 23. Rf2 Kxg7 24. Bg3 c3 25. Rc2 Rc4 26. f5 Re8 27.
Bxc7 Rd4 28. Rxc3 Bxg2+ 29. Rxg2+ Kf6 30. Rg1 Rd2 31. Rxc5 Ree2 32. a4 a5 33.
Rc6+ Ke7 34. f6+ Kd7 35. Rd6+ Rxd6 36. Bxd6 Kxd6 37. Rd1+ Ke6 38. Rf1 Ra2 39.
Rf4 Ke5 40. Rh4 Kxf6 41. Rxh6+ Kg5 42. Rd6 Rxa4 43. Rd5+ Kf4 44. Rh5 Kf3 45.
Rf5+ Rf4 46. Rxa5 Kf2 47. Ra2+ Kf1 48. Ra1+ Kf2 49. Ra2+ Ke3 50. Ra3+ Kd2 51.
Ra2+ Kc1 52. Ra1+ Kc2 53. Ra2+ Kd3 54. Ra3+ Ke4 55. Ra4+ Kf5 56. Rxf4+ Kxf4 57.
Kg1 Kf3 58. Kf1 f6 59. h4 Kg4 60. h5 Kxh5 61. Kf2 Kg5 62. Kf3 Kf5 63. Kg3 Ke4
64. Kf2 Kf4 65. Ke2 Kg3 66. Ke3 f5 67. Ke2 f4 68. Kf1 Kf3 69. Ke1 Kg2 70. Ke2
f3+ 71. Kd3 f2 72. Kc4 f1=Q+ 73. Kd5 Qe2 74. Kd4 Kf3 0-1

[Event "DVM U10 2014"]
[Site "Magdeburg GER"]
[Date "2014.12.29"]
[Round "7"]
[White "Sawadski, Leonard"]
[Black "Rissel, Silas"]
[Result "1-0"]
[Termination "normal"]
[Board "14.2"]
[WhiteElo "922"]
[BlackElo "1019"]
[WhiteTeam "Heilbronner SV"]
[BlackTeam "USV Volksbank Halle"]
[PlyCount "111"]
[WhiteFideId "16261607"]
[EventCountry "GER"]
[EventRounds "7"]
[EventType "team-swiss"]
[EventDate "2014.12.27"]

1. e4 e5 2. f4 exf4 3. Nf3 Bc5 4. d4 Bb6 5. Bxf4 Nf6 6. Nc3 Ba5 7. Bd3 Bxc3+ 8.
bxc3 O-O 9. O-O d6 10. Qe1 Bg4 11. Qg3 g6 12. Bg5 Bd7 13. e5 Nh5 14. Qh4 Qe8
15. Rfe1 dxe5 16. Rxe5 Be6 17. d5 Nd7 18. Ree1 Nc5 19. Bf1 f6 20. Bh6 Ng7 21.
dxe6 g5 22. Qd4 Ncxe6 23. Qc4 Qc6 24. Qb4 Nc5 25. Bc4+ Nce6 26. Bxe6+ Nxe6 27.
Bxf8 Nxf8 28. Nd4 Qd5 29. Rf1 c5 30. Qb3 Qxb3 31. Nxb3 c4 32. Nd2 Rc8 33. Rxf6
Kg7 34. Rd6 Rc6 35. Rxc6 bxc6 36. Nxc4 Ne6 37. Rb1 Nf4 38. Kf2 c5 39. Rb7+ Kh6
40. Rxa7 Kg6 41. Rc7 Ne6 42. Rb7 Nd8 43. Rb1 Ne6 44. a4 Nc7 45. a5 Na6 46. Rb6+
Kh5 47. Rxa6 h6 48. Rxh6+ Kxh6 49. a6 Kh5 50. Kg3 g4 51. a7 Kg5 52. a8=Q Kh5
53. Qg8 Kh6 54. Qxg4 Kh7 55. Ne5 Kh6 56. Qg6# 1-0